<?xml version="1.0" encoding="UTF-8"?>
<marc:record xmlns:marc="http://www.loc.gov/MARC21/slim">
   <marc:leader>00000nam a2200000 a 4500</marc:leader>
   <marc:datafield ind1="1" ind2=" " tag="100">
      <marc:subfield code="a">Schmid, Katharina</marc:subfield>
      <marc:subfield code="4">aut</marc:subfield>
      <marc:subfield code="e">Verfasser/-in</marc:subfield>
   </marc:datafield>
   <marc:datafield ind1=" " ind2=" " tag="653">
      <marc:subfield code="a">Hirnforschung</marc:subfield>
   </marc:datafield>
   <marc:datafield ind1=" " ind2=" " tag="653">
      <marc:subfield code="a">Epigenetik</marc:subfield>
   </marc:datafield>
   <marc:datafield ind1=" " ind2=" " tag="653">
      <marc:subfield code="a">Quantenphysik</marc:subfield>
   </marc:datafield>
   <marc:datafield ind1=" " ind2=" " tag="653">
      <marc:subfield code="a">Gedankenkraft</marc:subfield>
   </marc:datafield>
   <marc:datafield ind1=" " ind2=" " tag="653">
      <marc:subfield code="a">Heilkraft der Gedanken</marc:subfield>
   </marc:datafield>
   <marc:datafield ind1=" " ind2=" " tag="653">
      <marc:subfield code="a">Psychoneuroimmunologie</marc:subfield>
   </marc:datafield>
   <marc:datafield ind1="0" ind2="0" tag="245">
      <marc:subfield code="a">Kopfsache Gesund</marc:subfield>
   </marc:datafield>
   <marc:datafield ind1="0" ind2="0" tag="245">
      <marc:subfield code="b">Die Wissenschaft entdeckt die Heilkraft der Gedanken</marc:subfield>
   </marc:datafield>
   <marc:datafield ind1=" " ind2="1" tag="264">
      <marc:subfield code="b">edition a</marc:subfield>
      <marc:subfield code="c">2018</marc:subfield>
   </marc:datafield>
   <marc:datafield ind1="1" ind2=" " tag="520">
      <marc:subfield code="a">Wenn wir unseren negativen Gedanken freien Lauf lassen, schaden wir nachweislich unserer Gesundheit. Andauerndes Grübeln über Sorgen und Ängste schwächt unser Immunsystem. Unser Umgang mit Stress beeinflusst sogar unsere Genregulation. Das sind zwei von vielen aktuellen Forschungsergebnissen, die die Wirkung unserer Gedanken auf unsere Gesundheit belegen. Daher sollten wir umdenken. Durch die anschauliche Aufbereitung neuester wissenschaftlicher Erkenntnisse gibt die Ärztin Katharina Schmid unserem Gesundheitsbewusstsein ein gänzlich neues Selbstbewusstsein. Mit Köpfchen finden wir Möglichkeiten der Gesundheitsvorsorge und der Heilung, von denen wir bislang nicht zu träumen wagten.</marc:subfield>
   </marc:datafield>
   <marc:datafield ind1=" " ind2=" " tag="020">
      <marc:subfield code="a">9783990012833</marc:subfield>
      <marc:subfield code="9">9783990012833</marc:subfield>
   </marc:datafield>
</marc:record>
